|
|
|
|
| LEADER |
00000nab a2200000uu 4500 |
| 001 |
vtls010900456 |
| 003 |
SK-MaSNL |
| 005 |
20260303141841.0 |
| 008 |
230222|2005 xo |||||||||||||||||slo| |
| 015 |
|
|
|a SNBRB
|
| 035 |
|
|
|a (urnnbn)urn:nbn:sk:snk:ar-a07kze
|
| 035 |
|
|
|a (uuid)394a2d92-f487-4e87-8fef-1996a84fb045
|
| 035 |
|
|
|a urn:nbn:sk:snk-ab8s6e
|
| 040 |
|
|
|a SNKBUCL
|b slo
|c SNKBUCL
|e AACR2
|
| 041 |
0 |
|
|a slo
|
| 044 |
|
|
|a xo
|c SK
|
| 100 |
1 |
|
|a Ujhelyiová, A.
|4 aut
|9 781814
|
| 245 |
1 |
0 |
|a THE EFFECT OF POLYVINYL ALCOHOL AND NANOADDITIVES ON THE COLOUR PROPERTIES OF MODIFIED POLYPROPYLENE FIBRES
|c A. Ujhelyiová, E. Bolhová, J. Legéň, R. Rusnák, S. Strecká
|
| 700 |
1 |
|
|a Bolhová, E.
|4 aut
|9 1161177
|
| 700 |
1 |
|
|a Legéň, J.
|4 aut
|9 812175
|
| 700 |
1 |
|
|a Rusnák, R.
|4 aut
|9 1161699
|
| 700 |
1 |
|
|a Strecká, S.
|4 aut
|9 1161700
|
| 773 |
0 |
|
|t Vlákna a textil
|g Roč. 12, č. 3 (2005), s. 111-115
|
| 954 |
|
|
|a odborná, vedecká literatúra pôvodná (slovenská)
|2 lita
|
| 958 |
|
|
|a OND
|
| 958 |
|
|
|a EUIPO
|
| 958 |
|
|
|a article10
|
| 999 |
|
|
|c 1979251
|d 1981181
|